00317nam a22001097a 4500082003000000100001800030245006700048260003600115300001100151526003700162650000800199 a808.83bKAHcL-NUST, P-32 aKahlil Gibran aThe Treasured Writings of Kahlil Gibran: Author of The Prophet aNew YorkbBarnes & noble books. a902 p. a0b0c0d808_830000000000000_KAH aMCE